| 000 | 01229nam a2200337 i 4500 | ||
|---|---|---|---|
| 001 | 000017876 | ||
| 003 | DO-SdBNP | ||
| 005 | 20260327114713.0 | ||
| 007 | ta | ||
| 008 | 100407s1972 dr r 000 0 spa d | ||
| 040 |
_aDO-SdBNP _bspa _cBNPHU _erda |
||
| 041 | _aspa | ||
| 082 | 4 |
_a972.9304 _bH695p 1972 _222 |
|
| 100 | 1 |
_aHoetink, H., _d1931- _eautor _937205 _4aut. |
|
| 245 | 1 | 3 |
_aEl pueblo dominicano (1850-1900) : _bapuntes para su sociología histórica / _cH. Hoetink. |
| 250 | _aSegunda edición | ||
| 264 |
_aSantiago de los Caballeros, República Dominicana : _bUCMM, _c1972. |
||
| 300 |
_a351 páginas ; _c22 cm. |
||
| 336 |
_ardacontent _btexto _2txt |
||
| 337 |
_ardamedia _bsin mediación _2n |
||
| 338 |
_ardacarrier _bvolumen _2nc |
||
| 490 | 0 | _aColección Estudios | |
| 504 | _aIncluye referencias bibliográficas y notas al pie de las páginas | ||
| 590 | _aInventariado, 2026/DG | ||
| 651 | 4 |
_aRepública Dominicana _xCondiciones sociales _946 |
|
| 651 | 4 |
_aRepública Dominicana _xCondiciones económicas _9281 |
|
| 651 | 4 |
_aRepública Dominicana _xPoblación _91423 |
|
| 710 | 2 |
_aPontificia Universidad Católica Madre y Maestra _9843 |
|
| 910 | _aValidado. Control de calidad MFF | ||
| 942 |
_2ddc _cLBS1 |
||
| 999 |
_c17400 _d17400 |
||